000 00558nam a22002177a 4500
003 UA-OsUOA
001 59123
007 ta
008 20090311b un ||||| |||| 00| 0 ukr d
100 _aШпак В.
090 _a82
_bШ83
942 _cSA
040 _aUA-OsUOA
_bukr
_cUA-OsUOA
_dUA-OsUOA
245 _a"Заборонений" Шевченко у Вашингтоні
300 _aС.10
955 _a0
041 _aukr
080 _a82
773 0 _w59122
650 7 _a82 Література. Літературознавство
_2UDC
999 _c345210
_d345210